000
00231nam a2200097Ia 4500
005
20251222154433.0
008
251222s9999||||xx |||||||||||||| ||spa||
082
_a
REF.985.008/C76/T.X
245
0
_a
SÃmbolo de la patria
942
_c
LIB
999
_c
36515
_d
36515